Siapa wali? / (Record no. 1297)

000 -LEADER
fixed length control field nam a22 a 4500
003 - CONTROL NUMBER IDENTIFIER
control field AKMAL
005 - DATE AND TIME OF LATEST TRANSACTION
control field 20170509093104.0
008 - FIXED-LENGTH DATA ELEMENTS--GENERAL INFORMATION
fixed length control field 170509r19922007my ao e b l000 | may d
020 ## - INTERNATIONAL STANDARD BOOK NUMBER
International Standard Book Number 9838540234 (kkt.) :
Terms of availability RM10.00
020 ## - INTERNATIONAL STANDARD BOOK NUMBER
International Standard Book Number 9833171354 (kkt.) :
Terms of availability RM12.00
040 ## - CATALOGING SOURCE
Original cataloging agency AKMAL
Transcribing agency AKMAL
082 04 - DEWEY DECIMAL CLASSIFICATION NUMBER
Classification number 297.61 SIA
Edition number 22
090 00 - LOCALLY ASSIGNED LC-TYPE CALL NUMBER (OCLC); LOCAL CALL NUMBER (RLIN)
Classification number (OCLC) (R) ; Classification number, CALL (RLIN) (NR) 297.61
Local cutter number (OCLC) ; Book number/undivided call number, CALL (RLIN) SIA
245 00 - TITLE STATEMENT
Title Siapa wali? /
Statement of responsibility, etc. disusun Mustaffa Suhaimi
260 ## - PUBLICATION, DISTRIBUTION, ETC.
Place of publication, distribution, etc. Ulu Kelang :
Name of publisher, distributor, etc. Progressive Products Supply,
Date of publication, distribution, etc. 1992 [reprinted 2007]
300 ## - PHYSICAL DESCRIPTION
Extent vii, [169]ms. :
Other physical details il., gambar foto ;
Dimensions 22cm.
504 ## - BIBLIOGRAPHY, ETC. NOTE
Bibliography, etc. note Bibliografi: ms. 165
650 10 - SUBJECT ADDED ENTRY--TOPICAL TERM
Topical term or geographic name entry element Caliphate
Form subdivision Biography
9 (RLIN) 2568
650 20 - SUBJECT ADDED ENTRY--TOPICAL TERM
Topical term or geographic name entry element Ulama
Form subdivision Biography
9 (RLIN) 2247
650 20 - SUBJECT ADDED ENTRY--TOPICAL TERM
Topical term or geographic name entry element Islamic magic
9 (RLIN) 2569
650 20 - SUBJECT ADDED ENTRY--TOPICAL TERM
Topical term or geographic name entry element Islam
General subdivision Functionaries
9 (RLIN) 1583
700 1# - ADDED ENTRY--PERSONAL NAME
Personal name Mustaffa Suhaimi,
Dates associated with a name 1931-
9 (RLIN) 2227
942 ## - ADDED ENTRY ELEMENTS (KOHA)
Source of classification or shelving scheme
Koha item type Book
Holdings
Withdrawn status Lost status Source of classification or shelving scheme Damaged status Not for loan Collection code Home library Current library Shelving location Date acquired Inventory number Total Checkouts Full call number Barcode Date last seen Price effective from Koha item type
          NON-FICTION AKMAL Melaka AKMAL Melaka PINJAMAN 09.05.2017 00512   297.61 SIA 201702459 09.05.2017 09.05.2017 Book
Pusat Sumber Maklumat Dato' Haji Sarmin Md Hussin, Akademi Kastam Diraja Malaysia, Melaka
Tel: 06-2331106 | Faks: 06-2313787